| 000 | 01064nam a22002537a 4500 | ||
|---|---|---|---|
| 005 | 20170124102951.0 | ||
| 010 | _aB-069332 | ||
| 020 | _c120.00 | ||
| 035 | _aB-069332 | ||
| 037 | _bCen Lib/Ret | ||
| 040 |
_aDPL _bHN |
||
| 082 |
_a821 _bशर्मावि |
||
| 100 |
_aशर्मा, विष्णुचन्द्र _942758 |
||
| 245 |
_aतलाश बसंत की / _cविष्णुचन्द्र शर्मा |
||
| 246 |
_aTalaash basant ki / _bby Vishnuchndra Sharma |
||
| 260 |
_a दिल्ली _bशब्द्सृष्टि _c2001 |
||
| 270 |
_aबी-७१०/१, गली न.१०, विजय पार्क, मौजपुर _b दिल्ली _e110053 |
||
| 300 |
_a120पृ. _c20सेमी(सजिल्द ) |
||
| 650 |
_aहिंदी साहित्य _x _z _951787 |
||
| 650 |
_aहिंदी कविता _951788 |
||
| 650 |
_aHindi literature _v _951789 |
||
| 650 |
_aHindi poetries _944737 |
||
| 942 |
_2ddc _cHN _h821 _mशर्मावि |
||
| 999 |
_c113336 _d113336 |
||